000 00526nam a2200169 i 4500
001 98171
003 ES-MaACL
005 20240421063022.0
007 t|
008 050726s1979 sp ||||1| spa d
100 1 _aMarrodán, Mario Ángel,
_d1932-2005
_977080
245 1 0 _aLeyendo
_b: agítese antes de usarlo /
_cMario Angel Marrodán.
260 _aBarcelona :
_bAgrupación Hispana de Escritores,
_c1979.
300 _a29 p. ;
_c21 cm.
852 _aES-MaACL
_j2113-F-1
_bR.100082
999 _c98171
_d98171